AH International Schools' Libraries

Shell game / (Record no. 47875)

MARC details
000 -LEADER
fixed length control field 00802cam a2200181 a 4500
001 - CONTROL NUMBER
control field 17054066
020 ## - INTERNATIONAL STANDARD BOOK NUMBER
International Standard Book Number 9781423153368 (hardback)
100 1# - MAIN ENTRY--PERSONAL NAME
Personal name Pearson, Ridley.
9 (RLIN) 26024
245 10 - TITLE STATEMENT
Title Shell game /
Statement of responsibility, etc Ridley Pearson.
250 ## - EDITION STATEMENT
Edition statement 1st ed.
260 ## - PUBLICATION, DISTRIBUTION, ETC. (IMPRINT)
Place of publication, distribution, etc New York :
Name of publisher, distributor, etc Disney-Hyperion,
Date of publication, distribution, etc c2012.
300 ## - PHYSICAL DESCRIPTION
Extent 544 p. ;
Dimensions 21 cm.
490 0# - SERIES STATEMENT
Series statement The Kingdom Keepers ;
Volume number/sequential designation bk. 5
520 ## - SUMMARY, ETC.
Summary, etc The Kingdom Keepers have their hands full when, during the inaugural cruise of the Disney ship, Fantasy, to exotic locations, they discover that the Overtakers have infiltrated the cast, stolen a journal that belonged to Walt Disney himself, and plan to unleash a powerful evil, the Chernabog.
650 #1 - SUBJECT ADDED ENTRY--TOPICAL TERM
Topical term or geographic name as entry element Cruise ships. Holography. Good and evil.
Form subdivision Fiction.
9 (RLIN) 85688
655 ## - INDEX TERM--GENRE/FORM
Genre/form data or focus term Fantasy.
9 (RLIN) 56253
942 ## - ADDED ENTRY ELEMENTS (KOHA)
Source of classification or shelving scheme
Koha item type J FIC BOOKS
Holdings
Withdrawn status Lost status Source of classification or shelving scheme Damaged status Not for loan Collection code Home library Current library Date acquired Full call number Barcode Date last seen Price effective from Koha item type
          SECONDARY Asian Hope Secondary Library Asian Hope Secondary Library 11/19/2024 J FIC PEA BK.5 206651 01/16/2026 11/19/2024 J FIC BOOKS

For any Logos Library related questions please contact Miss Art at swongnarasuk@asianhope.org.

For any Asian Hope Library related questions please contact Miss Raza at graza@asianhope.org.

Powered by Koha